000 00345nam a22001337a 4500
008 250217b |||||||| |||| 00| 0 eng d
020 _a0521308976
050 _aHD4904
_b.H57
100 _aJOYCE, Patrick
245 _aThe Historical Meanings of Work
260 _aNew York
_bCambridge University Press
_c1987
300 _avi, 311p.
942 _cBK
999 _c1943
_d1943